00603nam a22001697a 4500003000400000005001700004008003800021040002500059100004100084245009400125250001100219260004400230300002300274942001400297952010500311999001700416OSt20201119130245.0201119b 1999 dr 00| 0 eng d aDO-SdBNPbspacBNPHU1 aFlores Santana, Juan Antonio 91606610aVive y defiende tu fe católica bexposición de las verdades atacadas por las sectas / a3a ed. aSanto Domino : bEdiciones MSC, c1999. a256 p. ; c22 cm.  2ddccLBS1 00102ddc51718MOaBNPHUbPDcHDd2020-11-19eSaturnina Núñezl0r2020-11-19w2020-11-19yLBS1 c49156d49156